000 00521nam a2200181Ia 4500
003 GCL
008 140319s9999 xx 000 0 ara d
040 _aGCL /
_cGCL
082 0 4 _a813.03
_bح ز
100 1 _aحيدر حيدر
245 1 0 _aالزمن الموحش /
_cحيدر حيدر
300 _a310 ص
490 _aالهيئة العامة للاستعلامات
_v0
650 0 4 _aالادب العربى
650 0 4 _aالقصص العربية
650 0 4 _aالرواية العربية
942 _2ddc
_cBK
999 _c51047
_d51047